Регионална библиотека "Любен Каравелов" - Русе

Дъщерята на часовникаря (Запис номер 422685)

MARC детайли
000 -Лидер
Контролно поле с фиксирана дължина 01236nam a2200337 a 4500
003 - Код на организацията, давaща контролен номер
Контролно поле BLK
005 - Дата и час на последна редакция
Контролно поле 20250729102218.0
008 - Елементи от данни с фиксирана дължина
fixed length control field 180411b bul|||||r ||||||| ||bul||
010 ## - Наследен системен номер
LC control number KNG00199294000
020 ## - Международен стандартен номер на книга ISBN
Международен стандартен номер на книга ISBN 9786190206613
040 ## - Източник на каталожния запис
Идентификатор на билиотеката - собственик на записа BLK
041 ## - Код за език
Код за езика на текст/звукозапис или на отделно заглавие Български
Код за езика КДБФ Български
072 #7 - Код за тематичната категория
Код организация bullib
Код за тематична категория Н83
Текст Чужда художествена литература Н
080 ## - УДК
Текстов определител УДК Австралийска литература
УДК код - определител по УДК 821.111(94)
УДК определител -31
УДК - код + определител 821.111(94)-31
100 1# - Редна дума - Автор
Автор Мортън, Кейт
Авторска отговорност първи автор
R(LIN) 278053
139 ## - Редно поле
Редна дума Мортън, Кейт
Авторски знак Моро - М 90
245 10 - Сведения за заглавието
Заглавие Дъщерята на часовникаря
Подзаглавни данни Роман
Редно поле (дума) Кейт Мортън; прев. от англ. Надежда Розова.
257 ## - Страна на издаване
Страна на създаване/издаване Австралия
260 ## - Област на издателските данни
Име на издателя, разпространителя и проч. Колибри
Година на издаване 2021
Място на издаване, разпространение и проч. София
Печатница [София] : Алианс принт
300 ## - Физическа характеристика
Страници 464 с.
Размери/Мащаб 22 см
380 ## - Жанр
Жанр Худож. лит.
500 ## - Общи забележки
Забележка Ориг. загл. The Lake House / Kate Morton. - Съдържа и за авт.
852 ## - Местоположение
Систематично-азбучна сигнатура 821-31/М 90 К
856 ## - Електронен адрес и достъп
Инструкция (цена за достъп) 0.00
Права за достъп disable
999 ## - СИСТЕМНИ КОНТРОЛНИ НОМЕРА
Koha biblionumber 422685
Koha biblioitemnumber 422685
942 ## - АРТИКУЛИ
Вид на библиотечния материал Книги
Скрит в OPAC Не
Koha issues (borrowed), all copies 69
Периодичен библиозапис Да
944 ## - СЪЗДАВАНЕ И РЕДАКЦИЯ на ЗАПИСА
Създаване/Редакция Създаване
Дата на регистрацията/редакция 2021-07-02
Служител, извършил регистрацията/редакцията 30576
Статус, дата на статуса Цветомила Тодорова
999 ## - СИСТЕМНИ КОНТРОЛНИ НОМЕРА
Koha biblioitemnumber 422685
999 ## - СИСТЕМНИ КОНТРОЛНИ НОМЕРА
Koha biblioitemnumber 422685
999 ## - СИСТЕМНИ КОНТРОЛНИ НОМЕРА
Koha biblioitemnumber 422685
999 ## - СИСТЕМНИ КОНТРОЛНИ НОМЕРА
Koha biblioitemnumber 422685
Наличности
Код за отписване Код за изгубен артикул Източник на класификационната схема Код за повреда Коз за рестрикции Код за отдаване Артикулен № Име на библиотеката - собственик Име на библиотеката, в която се намира в момента Статус (Текущо местоположение) Дата на вписване в системата Местоположение - отдел Цена в лева Систематично азбучна сигнатура Баркод Цена в евро Служебен тип на артикула
  Не е изгубен Universal Decimal Classification Не е повреден без рестрикции заемане за дома 840644 Регионална библиотека "Любен Каравелов" Русе Регионална библиотека "Любен Каравелов" Русе Заемна - подръчен фонд 2021-07-02 Заемна - подръчен фонд 18.00 821-31/М 90 К 120000857276 9.20 Книги
  Не е изгубен Universal Decimal Classification Не е повреден без рестрикции заемане за дома 840645 Регионална библиотека "Любен Каравелов" Русе Регионална библиотека "Любен Каравелов" Русе Дубликат 2021-07-02 Заемна - подръчен фонд 18.00 821-31/М 90 К 120000857275 9.20 Книги
  Не е изгубен Universal Decimal Classification Не е повреден само за читалня ползва се в читалня 868324 Регионална библиотека "Любен Каравелов" Русе Регионална библиотека "Любен Каравелов" Русе Хранилище 2022-01-18 Хранилище 24.00 Цб 310310 120000864204 12.27 Книги
  Не е изгубен Universal Decimal Classification Не е повреден без рестрикции заемане за дома 913204 Регионална библиотека "Любен Каравелов" Русе Регионална библиотека "Любен Каравелов" Русе Заемна - подръчен фонд 2022-11-23 Заемна - подръчен фонд 12.00 821-31/М 90 К 120000878781 6.14 Книги
Vip Innovations Ltd, Rousse, Bulgaria 2025